Improve your essays. / (Record no. 14358)

000 -LEADER
fixed length control field 00460nam a2200193Ia 4500
020 ## - INTERNATIONAL STANDARD BOOK NUMBER
ISBN 0028020332
020 ## - INTERNATIONAL STANDARD BOOK NUMBER
ISBN 9780028020334
040 ## - CATALOGING SOURCE
Transcribing agency XXW
082 ## - DEWEY DECIMAL CLASSIFICATION NUMBER
Classification number 808 GLE 1995 A096 Or.
100 1# - MAIN ENTRY--AUTHOR NAME
Personal name Emory, Doug
245 10 - TITLE STATEMENT
Title Improve your essays. /
260 ## - PUBLICATION, DISTRIBUTION, ETC. (IMPRINT)
Place of publication New York :
Name of publisher Glencoe,
Year of publication 1995
300 ## - PHYSICAL DESCRIPTION
Number of Pages xvi, 466, 156 p. ;
Dimensions 24 cm
500 ## - GENERAL NOTE
General note Includes index
650 #0 - SUBJECT ADDED ENTRY--TOPICAL TERM
Topical Term English language
650 #0 - SUBJECT ADDED ENTRY--TOPICAL TERM
Topical Term English language
650 #0 - SUBJECT ADDED ENTRY--TOPICAL TERM
Topical Term Essay
942 ## - ADDED ENTRY ELEMENTS (KOHA)
Koha item type សៀវភៅភាសាអង់គ្លេស
952 ## - LOCATION AND ITEM INFORMATION (KOHA)
Withdrawn status [LOCAL, KOHA] 0
Holdings
Permanent Location Date acquired Koha item type Lost status Shelving location Barcode Current Location Full call number
Library Block A2017-10-13សៀវភៅភាសាអង់គ្លេស A096A15505Library Block A808 GLE 1995 A096 Or.
មជ្ឈមណ្ឌលឯការនៃសាកលវិទ្យាល័យភូមិន្ទកសិកម្មចំការដូង

Powered by Koha